000 00390nam a2200133Ia 4500
008 211109s9999||||xx |||||||||||||| ||und||
082 _a494.81203
_bRAM-M
100 _aRamalingam Pillai, T
245 0 _aMalayala Sailee Nighantu
260 _bDC Books
_aKottayam
_c2000
630 _xPOST GRADUATE REFERENCE
650 _aEnglish Language
_vIndia/ KeralaDictionary
_xMalayalam
942 _cBOOK
999 _c10837
_d10837